000 02409cam a22005294i 4500
003 PE-LiUPU
005 20250731173337.0
008 150706s r 000 0 d
020 _a904290805X
020 _a9789042908055
035 _a(Sirsi) i9789042908055
040 _aPE-LiUPU
_bspa
_cPE-LiUPU
_erda
049 _aPRUA
082 0 4 _a221.07
_bHC
_221
100 1 _aHoutman, Cornelis,
_eautor.
245 1 0 _aExodus,Volume 3, chapters 20-40 /
_cCornelis Houtman.
264 1 _aLeuven :
_bPeeters, Bondgenotenlaan,
_c2000.
300 _a737 páginas ;
_c24 centímetros
336 _atext
_2rdacontent
337 _aunmediated
_2rdamedia
338 _avolume
_2rdacarrier
490 0 _aHistorical Commentary On The Old Testament
500 _aVolumen 3, capítulos 20-40.
505 0 _aExodus 20:1-17God's direct speech -- Exodus 20: 18-24:2 Yhwh Speaks through Moses -- Exodus 24:3-11 -- Yhwh and Israel enter into a covenant -- Exodus 24: 12-31:18;35-40 Yhwh wants to Dwell in the MIDST of Israel -- Exodus 32-34 The bond with Yhwh broken and restored.
526 _aSEG42
526 _aSEG41
526 _aSEG40
526 _aSEG39
526 _aP94
526 _aP87
526 _aP86
526 _aP85
526 _aP77
526 _aP76
526 _aP35
541 _g20081126230934D47324;
630 _aBiblia.
_pA.T.
_pExodo
_xComentarios.
910 _aglj
_bjv
_cjv
_d20100222
942 _2ddc
_cBOOK
949 _a221.07 HC 2C
_wDEWEY
_c1
_i59812
_d2016-5-22
_e2016-5-19
_lCCODEBUL1
_mBUL
_n1
_p65.00
_r0
_sY
_tBOOK
_u2015-7-6
_xTEOLOGIA
_zUNKNOWN
_0COMPRA
_o.STAFF. Colección General
949 _a221.07 HC 2C
_wDEWEY
_c2
_i73627
_lCCODEBUL1
_mBUL
_p72.00
_r0
_sY
_tBOOK
_u2016-6-13
_xTEOLOGIA
_PP35
_0COMPRA
_o.CIRCNOTE. Documento de alto precio.
_o.STAFF. Colección General Teología.
994 _aC0
_bPEPRU
596 _a1
999 _a221.07 HC 2C
_wDEWEY
_c49348
_i59812
_d49348
_e2016-5-19
_f2021-11-9
_g5
_lCCODEBUL1
_mBUL
_n1
_p65.00
_q2
_r0
_sY
_tBOOK
_u2015-7-6
_xTEOLOGIA
_zUNKNOWN
_0COMPRA
_o.STAFF. Colección General
999 _a221.07 HC 2C
_wDEWEY
_c2
_i73627
_d2018-5-29
_e2018-5-21
_f2021-11-9
_g5
_lCCODEBUL1
_mBUL
_n1
_p72.00
_r0
_sY
_tBOOK
_u2016-6-13
_xTEOLOGIA
_PP35
_0COMPRA
_o.CIRCNOTE. Documento de alto precio.
_o.STAFF. Colección General Teología.
980 _81
_gALBERTO SANCHEZ Responsable de Automatización